Rudničnoje elektrooborudovanije na napriaženije 660V.

Uložené v:
Podrobná bibliografia
Hlavný autor: Grankovskij, V. F.
Médium: Kniha
Jazyk:Slovak
Vydané: 1962.
Tagy: Pridať tag
Žiadne tagy, Buďte prvý kto otaguje tento záznam!

MARC

LEADER 00000nam a22000004a 4500
001 000512607
005 20160719084359.0
008 160719s1962 xo e 000 0 slo d
040 |a SVKKK  |b slo  |c SVKKK  |e AACR2 
100 1 |a Grankovskij, V. F. 
245 1 0 |a Rudničnoje elektrooborudovanije na napriaženije 660V. 
260 |c 1962. 
500 |a Záznam revízie 
910 |a svkkk 
998 |a BK 
090 |g SCKHL  |k Sklad Pribinova 2. posch.  |a X0.2502  |j 09971  |i 512607-10  |4 Zastaraná  |s Vyradená